00438nam a22001577a 450000500170000001000130001702000260003003500130005603700140006908200080008310000210009124500700011226000390018227000410022130000180026220120725150057.0 aG-002063 a9780743408851c295.00 aG-002063 adplbGift a158 aCovey, Stephen R aThe Seven habits of highly effective people/cby Stephen R. Covey aLondonbSimon and Schuster c1999 aAfrica House 64-78 Kingsway bLondon5 a358p.c18 cm.